Elementi di filosofia speculativa secondo le dottrine degli scolastici specialmente di San Tommaso d'Aquino / (Record no. 162597)
[ view plain ]
| 000 -LEADER | |
|---|---|
| campo de control de longitud fija | 00687nam a22001815i 4500 |
| 001 - NÚMERO DE CONTROL | |
| campo de control | 162597 |
| 003 - IDENTIFICADOR DE NÚMERO DE CONTROL | |
| campo de control | ES-MaACL |
| 005 - FECHA Y HORA DE LA ÚLTIMA TRANSACCIÓN | |
| campo de control | 20230906212548.0 |
| 008 - DATOS DE LONGITUD FIJA--INFORMACIÓN GENERAL | |
| campo de control de longitud fija | 041119m18641865it |||| | ita d |
| 040 ## - FUENTE DE CATALOGACIÓN | |
| Centro catalogador/agencia de origen | CAM |
| Lengua de catalogación | spa |
| Centro/agencia transcriptor | CAM |
| 100 1# - ENTRADA PRINCIPAL--NOMBRE DE PERSONA | |
| Nombre de persona | Prisco, Giuseppe. |
| 9 (RLIN) | 131377 |
| 245 10 - MENCIÓN DEL TÍTULO | |
| Título | Elementi di filosofia speculativa secondo le dottrine degli scolastici specialmente di San Tommaso d'Aquino / |
| Mención de responsabilidad, etc. | per Giuseppe Prisco. |
| 250 ## - MENCION DE EDICION | |
| Mención de edición | 2. ed. notevolmente corretta dall'autore. |
| 260 ## - PUBLICACIÓN, DISTRIBUCIÓN, ETC. | |
| Lugar de publicación, distribución, etc. | Napoli : |
| Nombre del editor, distribuidor, etc. | [s.n.], |
| Fecha de publicación, distribución, etc. | 1864-1865 ( |
| Fabricante | Stamperia e cartiere del Fibreno) |
| 300 ## - DESCRIPCIÓN FÍSICA | |
| Extensión | 2 v. (XXIII, 232; 438 p.) ; |
| Dimensiones | 24 cm. |
| 752 ## - ENTRADA AGREGADA--NOMBRE JERÁRQUICO DEL LUGAR | |
| País o entidad superior | Italia - |
| Ciudad | Napoles |
| 852 ## - LOCALIZACIÓN | |
| Ubicación | ES-MaACL |
| Número de control de estantería | G-10443-10444 |
| Nota libre | -- Enc. hol. |
| Estatus retirado | Estado de pérdida | Estado de daño | No para préstamo | Colección | Biblioteca de origen | Biblioteca actual | Ubicación en estantería | Fecha de adquisición | Fuente de adquisición | Total de préstamos | Signatura topográfica completa | Código de barras | Visto por última vez | Precio de reemplazo | Tipo de ítem Koha |
|---|---|---|---|---|---|---|---|---|---|---|---|---|---|---|---|
| Libros del s. XIX | Biblioteca del Ateneo de Madrid | Biblioteca del Ateneo de Madrid | Sala Pecera Planta 3 | 17/01/2008 | G-10443-10444 | 1170341 | 23/02/2023 | 23/02/2023 | Libro impreso antiguo |
